[Event "FRA-ch op-C"]
[Site "Pau"]
[Date "2012.08.23"]
[Round "9"]
[White "Baroudel, Jacques"]
[Black "Verhulst, Jens"]
[Result "0-1"]
[WhiteElo "1779"]
[BlackElo "1659"]
[PlyCount "114"]
[EventDate "2012.08.14"]
[EventType "swiss"]
[EventRounds "11"]
[EventCountry "FRA"]
[SourceTitle "EXT 2014"]
[Source "ChessBase"]
[SourceDate "2013.11.20"]
[SourceVersion "1"]
[SourceVersionDate "2013.11.20"]
[SourceQuality "1"]

1. e4 d6 2. Nc3 Nf6 3. Bc4 g6 4. Nge2 Bg7 5. d3 0-0 6. 0-0 c5 7. Bd2 Nc6 8. a3 e6 9. Qc1 d5 10. exd5 exd5 11. Ba2 Re8 12. Ng3 Be6 13. f4 Ng4 14. Nce2 Bd4+ 15. Nxd4 Nxd4 16. h3 Qh4 17. Be1 Qxg3 18. Bxg3 Ne2+ 19. Kh1 Nxg3+ 20. Kg1 Ne2+ 21. Kh1 Nxc1 22. Raxc1 Ne3 23. Rf2 d4 24. Bxe6 Rxe6 25. g4 f5 26. gxf5 Nxf5 27. c3 b6 28. cxd4 Nxd4 29. Rg1 Rae8 30. f5 Re1 31. fxg6 Rxg1+ 32. Kxg1 Re1+ 33. Kg2 Re2 34. gxh7+ Kxh7 35. Rxe2 Nxe2 36. Kf3 Nc1 37. Ke4 Nb3 38. Kd5 Nc1 39. d4 cxd4 40. Kxd4 Kg6 41. Kd5 Nd3 42. b4 Nb2 43. Kc6 Na4 44. Kb7 b5 45. Kxa7 Kh5 46. Ka6 Nc3 47. Kb6 Kh4 48. Kc5 Kxh3 49. Kd4 Na4 50. Kd5 Kg3 51. Kc6 Nc3 52. Kc5 Kf4 53. Kd4 Na4 54. Kd3 Ke5 55. Kc2 Kd4 56. Kb3 Kd3 57. Ka2 Kc3 0-1